• 首页
  • 本馆介绍
  • 公告通知
  • 最新文献
  • 馆藏检索
  • 电子资源
  • 读者荐购
  • 参考咨询
  • CALIS
  • 我的图书馆
  • 登录
  • 详细信息显示
  • 放入我的书架
  • 预约/预借图书
  • 作者相关作品
  • 分类相关作品
  • 丛书相关作品
  • 出版社相关作品

书目信息

  • 表格格式
  • 工作单格式
  • 卡片格式
题名:
医院改扩建交通组织研究
    
 
作者: 冉鹏 , 李竹琳 , 付光平 主编
分册:  
出版信息: 上海   同济大学出版社  2024.12
页数: 104页
开本: 26cm
丛书名: 现代医院建设系列丛书
单 册:
中图分类: TU246.1
科图分类:
主题词: 医院--yi yuan--改建项目--扩建项目--施工组织--交通运输管理--研究
电子资源:
ISBN: 978-7-5765-1494-0
 
 
 
 
 
000 01592nam 2200301 450
001 90197
005 20250815143512.97
010    @a978-7-5765-1494-0@dCNY80.00
100    @a20250421d2024 em y0chiy50 ea
101 0  @achi
102    @aCN@b310000
105    @aa a 000yy
106    @ar
200 1  @a医院改扩建交通组织研究@Ayi yuan gai kuo jian jiao tong zu zhi yan jiu@f主编冉鹏, 李竹琳, 付光平
210    @a上海@c同济大学出版社@d2024.12
215    @a104页@c图 (部分彩图)@d26cm
225 2  @a现代医院建设系列丛书@Axian dai yi yuan jian she xi lie cong shu
314    @a冉鹏, 男, 43岁, 教授级高级工程师, 中国建设监理协会理事、中国冶金协会常务理事、重庆市建设监理协会副会长、英国皇家特许建造师协会会员 (CIOB), 重庆赛迪工程咨询有限公司党委书记、董事长兼总经理。长期工程设计咨询管理工作。先后担任赛迪工程咨询综合部部长、母公司中冶赛迪集团有限公司综合服务部部长、中冶赛迪集团有限公司驻越南代表处首席代表, 并参与了多个国内外工程项目的建设工作。
320    @a有书目 (第101-104页)
330    @a本书共分为5章。第1章梳理了全国医院改扩建发展趋势 ; 第2章分析了交通组织对医院改扩建的影响 ; 第3章先提出了适用于改扩建期间的交通问题的对策 ; 第4章对交通组织评价指标进行了筛选, 确定了指标权重的计算方法 ; 第5章总结了深圳市医院改扩建的交通组织方案的内容。
410  0 @12001 @a现代医院建设系列丛书
606 0  @a医院@Ayi yuan@x改建项目@x扩建项目@x施工组织@x交通运输管理@x研究
690    @aTU246.1@v5
701  0 @a冉鹏@Aran peng@4主编
701  0 @a李竹琳@Ali zhu lin@4主编
701  0 @a付光平@Afu guang ping@4主编
801  0 @aCN@c20250909
905    @a河南城建学院图书馆@dTU246.1@eR051@f1
    
    医院改扩建交通组织研究/主编冉鹏, 李竹琳, 付光平.-上海:同济大学出版社,2024.12
    104页:图 (部分彩图);26cm.-(现代医院建设系列丛书)
    
    
    ISBN 978-7-5765-1494-0:CNY80.00
    本书共分为5章。第1章梳理了全国医院改扩建发展趋势 ; 第2章分析了交通组织对医院改扩建的影响 ; 第3章先提出了适用于改扩建期间的交通问题的对策 ; 第4章对交通组织评价指标进行了筛选, 确定了指标权重的计算方法 ; 第5章总结了深圳市医院改扩建的交通组织方案的内容。
●
相关链接 在E读中查询图书 在当当中查询图书 在豆瓣中查询图书


正题名:医院改扩建交通组织研究     索取号:TU246.1/R051         预约/预借

序号 登录号 条形码 馆藏地/架位号 状态 备注
1 1624159   216241591   建筑库101/101建筑库 105排2列4层/ [索取号:TU246.1/R051] 在馆    
河南城建学院图书馆 欢迎您!
大连网信软件有限公司© 版权所有